All 7 Letter Words that Begin With K - Statistics

General Stats
  • This quiz has been taken 11 times
  • The average score is 73 of 772
Answer Stats
% Correct
keepers
100%
kicking
100%
kissers
100%
keeping
89%
killers
89%
killing
89%
kissing
89%
kickers
78%
kidders
78%
kidding
78%
kilting
78%
knights
78%
knitted
78%
knitter
78%
knowing
78%
keening
67%
kilters
67%
kindred
67%
kinging
67%
kinking
67%
kippers
67%
knicker
67%
knifing
67%
knotted
67%
knotter
67%
knowers
67%
kookier
67%
keeling
56%
kettler
56%
kettles
56%
kiddies
56%
kiddles
56%
kinkier
56%
kitchen
56%
Kitchin
56%
kitties
56%
kitting
56%
knacker
56%
kneeled
56%
knifers
56%
karates
44%
karting
44%
keelers
44%
keeners
44%
keggers
44%
kegging
44%
kettled
44%
keyless
44%
kickoff
44%
kiddier
44%
kilning
44%
kindled
44%
kindler
44%
kindles
44%
kipping
44%
kitschy
44%
kittens
44%
kneeing
44%
kneeler
44%
kniving
44%
knocked
44%
knocker
44%
kayaked
33%
kayaker
33%
kelpies
33%
kelters
33%
kelvins
33%
kenning
33%
keratin
33%
kernels
33%
ketchup
33%
ketones
33%
keyhole
33%
kibbled
33%
kibbles
33%
kickier
33%
kidnaps
33%
kidneys
33%
killies
33%
killjoy
33%
kindest
33%
kinetic
33%
kingpin
33%
kinship
33%
kismets
33%
kitling
33%
kleptos
33%
knapped
33%
knapper
33%
kneaded
33%
kneepad
33%
knobbed
33%
knuckle
33%
krakens
33%
krypton
33%
kumquat
33%
kabooms
22%
kahunas
22%
kaisers
22%
kapotes
22%
karaoke
22%
katanas
22%
kayfabe
22%
Kazakhs
22%
keenest
22%
keister
22%
kellies
22%
kennels
22%
Kenyans
22%
kerchoo
22%
kerning
22%
ketches
22%
keylock
22%
keynote
22%
keypads
22%
kibbutz
22%
kidlets
22%
kingdom
22%
kinglet
22%
kinkers
22%
kirkman
22%
kirkmen
22%
kittled
22%
kittler
22%
kittles
22%
klutzes
22%
kneader
22%
kneecap
22%
knittle
22%
knobber
22%
knobble
22%
knuckly
22%
Koreans
22%
koshers
22%
kowtows
22%
kremlin
22%
kabakas
11%
kabbala
11%
Kabukis
11%
kachcha
11%
kachina
11%
kackled
11%
kackles
11%
Kaffirs
11%
kaftans
11%
kakapos
11%
kalends
11%
kalmias
11%
kamahis
11%
kanakas
11%
kanbans
11%
Kansans
11%
kanukas
11%
kaolins
11%
kappies
11%
kapukas
11%
karamus
11%
karunas
11%
kasbahs
11%
kashims
11%
katipos
11%
katydid
11%
keckled
11%
keckles
11%
keddahs
11%
keeking
11%
keelies
11%
kelebes
11%
keloids
11%
kelpers
11%
kelpier
11%
kelties
11%
kempier
11%
kenches
11%
kenosis
11%
kentias
11%
kepping
11%
kerogen
11%
kestrel
11%
ketoses
11%
ketosis
11%
ketubah
11%
kevalin
11%
keyslot
11%
keyword
11%
khaddar
11%
khalifa
11%
khalsas
11%
khatris
11%
khedive
11%
khutbah
11%
kiaughs
11%
kibitka
11%
kickbox
11%
kickups
11%
kiddish
11%
kiddoes
11%
kidskin
11%
kidvids
11%
kiekies
11%
kikiing
11%
kikumon
11%
kilobar
11%
kilobit
11%
kiloton
11%
kilties
11%
kimchis
11%
kimonos
11%
kinaras
11%
kinases
11%
kinchin
11%
kincobs
11%
kinesis
11%
kinetin
11%
kinfolk
11%
kingcup
11%
kinkles
11%
kinless
11%
kinsman
11%
kinsmen
11%
kipukas
11%
Kirkers
11%
kirmess
11%
kirpans
11%
kirtles
11%
kishkes
11%
kiswahs
11%
kithing
11%
klavern
11%
kleagle
11%
klephts
11%
klezmer
11%
klippen
11%
klippes
11%
klismos
11%
klister
11%
kludges
11%
knarred
11%
knawels
11%
kneelet
11%
knelled
11%
knobbly
11%
knolled
11%
knubbly
11%
knurled
11%
kobolds
11%
kokakos
11%
kongoni
11%
kopecks
11%
kopiyka
11%
koraris
11%
koronas
11%
korunas
11%
kotukus
11%
Krampus
11%
kraters
11%
kratoms
11%
krimmer
11%
Kuchean
11%
kumaras
11%
kunzite
11%
kuppers
11%
kurbash
11%
kurgans
11%
kvasses
11%
kvetchy
11%
kwachas
11%
Kwanzaa
11%
kwanzas
11%
kyanite
11%
kyanize
11%
kyoodle
11%
kabalas
0%
Kabards
0%
Kabinda
0%
kabocha
0%
Kabulis
0%
kaburis
0%
Kabyles
0%
Kachari
0%
kachins
0%
Kadagas
0%
kadamba
0%
kaddish
0%
kadsura
0%
kaguras
0%
kahalas
0%
kahawai
0%
kahilis
0%
kaikara
0%
Kainahs
0%
kainate
0%
kaingas
0%
kaingin
0%
kainite
0%
kainits
0%
kaiseki
0%
kaitaka
0%
Kaithis
0%
kajawah
0%
Kakatoe
0%
kakkaks
0%
kalasie
0%
kaleege
0%
kalemas
0%
kalijes
0%
kalimba
0%
Kalinas
0%
Kalinga
0%
kaliums
0%
kalkvis
0%
kallege
0%
Kallima
0%
Kalmuck
0%
Kalmuks
0%
Kalmyks
0%
kalongs
0%
kalunti
0%
Kalwars
0%
kalymma
0%
kamalas
0%
kamanis
0%
kamansi
0%
Kamares
0%
Kamasin
0%
kamassi
0%
kambala
0%
kambals
0%
kambohs
0%
kameels
0%
kamerad
0%
kampong
0%
kanaima
0%
kanaris
0%
Kanauri
0%
kanchil
0%
Kandyan
0%
kangani
0%
kangany
0%
Kanglas
0%
Kanglis
0%
kangris
0%
kankrej
0%
Kannada
0%
kanonen
0%
kanoons
0%
kantars
0%
kantele
0%
kantens
0%
Kantian
0%
Kantism
0%
Kantist
0%
kantuta
0%
Kanuris
0%
Kanwars
0%
kanyaws
0%
kapelle
0%
kapeyka
0%
karaage
0%
Karaism
0%
Karaite
0%
karakas
0%
karakul
0%
karanda
0%
karatas
0%
karatto
0%
karayas
0%
karelas
0%
Karenni
0%
karezza
0%
Kariera
0%
karites
0%
karitis
0%
karmout
0%
karolin
0%
karrees
0%
karrens
0%
karroos
0%
karstic
0%
Karthli
0%
Kartiks
0%
Kartvel
0%
karyons
0%
Kashans
0%
kashers
0%
Kashgai
0%
kashrut
0%
kashuas
0%
Kashube
0%
Kashubs
0%
kasseri
0%
Kassite
0%
kastura
0%
Katangs
0%
katcina
0%
kathaks
0%
kathals
0%
katsura
0%
katukas
0%
kavikas
0%
kawakas
0%
Kayasth
0%
Kayenta
0%
kayoing
0%
keacorn
0%
kebbies
0%
kebbock
0%
kebbuck
0%
kebyars
0%
kecking
0%
kedging
0%
kedjave
0%
kedlock
0%
keeches
0%
keelage
0%
keelman
0%
keelmen
0%
keelson
0%
Keemuns
0%
keester
0%
keffels
0%
kegeree
0%
keglers
0%
kegling
0%
kehilla
0%
keitloa
0%
Kekchis
0%
Kelabit
0%
kellegs
0%
kellins
0%
kellion
0%
kellock
0%
kembing
0%
kemiris
0%
kempite
0%
kemples
0%
kendang
0%
kendirs
0%
kendyrs
0%
Kenites
0%
Kennedy
0%
kenongs
0%
kenoses
0%
kenotic
0%
Kentish
0%
kentles
0%
Kentuck
0%
kepings
0%
keranas
0%
kerasin
0%
Keratol
0%
keratto
0%
kerbaus
0%
kercher
0%
Keresan
0%
Kerewas
0%
kerflop
0%
kerions
0%
kerioth
0%
kerlock
0%
Kermans
0%
kermess
0%
kernite
0%
kerrana
0%
kerrias
0%
kerries
0%
kerrils
0%
kerseys
0%
kersies
0%
keruing
0%
kerygma
0%
ketenes
0%
kethibh
0%
kethibs
0%
kethivs
0%
ketolic
0%
ketonic
0%
ketotic
0%
ketubot
0%
ketupas
0%
Ketuvim
0%
keyakis
0%
keybank
0%
keymove
0%
keyseat
0%
keysets
0%
keytars
0%
keyways
0%
khagans
0%
khakans
0%
Khaksar
0%
khalats
0%
Khalkha
0%
Khambas
0%
Khambus
0%
khamirs
0%
khamsin
0%
Khamtis
0%
khanate
0%
khanjar
0%
khankah
0%
khanums
0%
Kharias
0%
Kharwar
0%
Khasias
0%
Khatins
0%
Khattis
0%
khatuns
0%
Khazars
0%
khellas
0%
khellin
0%
khesari
0%
khilats
0%
Khitans
0%
Khlysts
0%
Khlysty
0%
Khoisan
0%
khojahs
0%
Khokani
0%
Khondis
0%
Khoshot
0%
Khotana
0%
Khozars
0%
khutbas
0%
kibbehs
0%
kibbitz
0%
kiblahs
0%
Kichais
0%
kickish
0%
Kickxia
0%
kidcote
0%
kiddush
0%
kiering
0%
kierman
0%
kiermen
0%
kikepas
0%
Kikongo
0%
Kikuyus
0%
kildeer
0%
kilhigs
0%
Kiliwas
0%
Kiliwis
0%
killdee
0%
killick
0%
killigs
0%
killock
0%
kilneye
0%
kilnman
0%
kilnmen
0%
kilorad
0%
kilovar
0%
Kilroys
0%
kimchee
0%
kimnels
0%
kinches
0%
kindals
0%
kinemas
0%
kinepox
0%
kineses
0%
kinesic
0%
kinesin
0%
kinkhab
0%
kinkily
0%
kinkled
0%
kinkobs
0%
kinnery
0%
kinnors
0%
Kinuras
0%
Kipchak
0%
kipfels
0%
kippage
0%
kippahs
0%
kippeen
0%
kipskin
0%
Kiranti
0%
kirbies
0%
Kirghiz
0%
kirimon
0%
kirkton
0%
Kirmans
0%
kirning
0%
kirombo
0%
Kirundi
0%
kirving
0%
kisaeng
0%
kisangs
0%
kishkas
0%
Kislevs
0%
kissars
0%
kitabis
0%
Kitamat
0%
kitchie
0%
kithara
0%
Kitimat
0%
Kitksan
0%
kittars
0%
kittool
0%
kittuls
0%
Klallam
0%
Klanism
0%
klatsch
0%
klavier
0%
klipbok
0%
klipdas
0%
Klippel
0%
kloesse
0%
klompen
0%
Klucker
0%
kludgey
0%
Kluxers
0%
Kluxery
0%
kluxing
0%
Kluxism
0%
knagged
0%
knaidel
0%
Knautia
0%
knavery
0%
knavess
0%
knavish
0%
kneepan
0%
kneesie
0%
knettle
0%
knishes
0%
knodden
0%
knodels
0%
knoedel
0%
knopite
0%
knopped
0%
knopper
0%
Knorria
0%
knouted
0%
knysnas
0%
Koasati
0%
kobangs
0%
kobirds
0%
kobocha
0%
kochias
0%
Kodagus
0%
kodaked
0%
kodkods
0%
Koellia
0%
kogasin
0%
Kohanim
0%
Kohuana
0%
Koiaris
0%
Koibals
0%
koinons
0%
kokamas
0%
kokanee
0%
kokilas
0%
koklass
0%
kokoona
0%
kokoons
0%
kokopus
0%
kokowai
0%
kolaces
0%
kolacky
0%
kolamis
0%
kolatch
0%
kolelim
0%
kolkhoz
0%
Kolmers
0%
kolsons
0%
kolsuns
0%
komatik
0%
kommers
0%
konfyts
0%
Koniehs
0%
koninis
0%
konjacs
0%
konjaks
0%
Konkani
0%
konseal
0%
Konyaks
0%
koodoos
0%
koofahs
0%
koombar
0%
koomkie
0%
koonkie
0%
koorkas
0%
kootcha
0%
kopejek
0%
kopiyky
0%
kopiyok
0%
koppies
0%
koppite
0%
korakan
0%
Koranas
0%
Koranic
0%
Koreish
0%
korhaan
0%
Koriaks
0%
Koryaks
0%
koshare
0%
Kosovar
0%
kotoite
0%
Kotokos
0%
kotwals
0%
koulans
0%
koumiss
0%
kouprey
0%
koussos
0%
kowbird
0%
kowhais
0%
Koyukon
0%
Kpelles
0%
kraaled
0%
kranses
0%
krapfen
0%
kraseis
0%
kratons
0%
krausen
0%
kreuzer
0%
krexing
0%
krieker
0%
krigias
0%
Krishna
0%
Krooboy
0%
Krooman
0%
Kroomen
0%
krotala
0%
kthibhs
0%
Ktunaxa
0%
Kubachi
0%
kudized
0%
kudizes
0%
kukupas
0%
Kulaman
0%
kulturs
0%
Kumasos
0%
kumbaya
0%
kumbuks
0%
Kumhars
0%
kumkums
0%
Kummell
0%
kummels
0%
Kunamas
0%
kunkars
0%
kunkurs
0%
Kupffer
0%
kuphars
0%
Kurdish
0%
Kurnais
0%
Kurubas
0%
Kurukhs
0%
kurumas
0%
Kurumba
0%
kurveys
0%
Kusaian
0%
Kushans
0%
Kustner
0%
Kutanis
0%
Kutchin
0%
Kutenai
0%
kuttars
0%
Kuwaiti
0%
Kuyonon
0%
kvelled
0%
kvutzah
0%
kvutzas
0%
kvutzot
0%
kwatuma
0%
kwazoku
0%
kyathoi
0%
kyathos
0%
Kyivans
0%
kylikes
0%
Kymrics
0%
Kyriale
0%
Kyrials
0%
kything
0%
Kyurins
0%
No matching quizzes found
Score Distribution
Percent of People with Each Score
Percentile by Number Answered
Your Score History
You have not taken this quiz